000 00481nam a2200193Ia 4500
008 170918s9999 xx 000 0 und d
020 _a9780590457873
050 _bC387V 1993
100 _aCebulash, Mel
245 _aWillie's wonderful pet /
245 _cMel Cebulash ; illustrated by George Ford.
260 _aNew York :
260 _bScholastic,
260 _c1993
300 _a28 pages :
300 _bcolored illustration ;
300 _c23cm.
500 _a250
999 _c342474
_d342474